000 00982nam a2200325 a 4500
001 55630
003 BD-RjUL
005 20211209080307.0
008 161120t19831980ii a 001 0 eng
020 _a0876921683
_c$27.95
035 _a(BD-RjUL)55753
035 _a(OCoLC)ocm10457282
035 _a(CStRLIN)NYCG89-B47343
035 _a(BD-RjUL)
035 _a(NNC)760918
040 _aBD-RjUL
_beng
_cBD-RjUL
_dBD-RjUL
041 _aeng
082 0 _a621.382
_223
_bROE 1983
090 _aTK5101
_b.R56 1984
100 1 _aRoddy, Dennis
_9117155
245 1 0 _aElectronic communications /
_cDennis Roddy and John Coolen.
250 _a2nd ed.
260 _aNew Delhi :
_bPrentice-Hall of india private limited.,
_c1980 [printing 1983].
300 _axii, 628 p. :
_bill. ;
_c24 cm.
500 _aIncludes index.
650 0 _aTelecommunication.
_vElectronic communication
_9165732
700 1 _aCoolen, John.
_9117157
942 _2ddc
_cBK
999 _c55630
_d55630